[Event "SF Neuenkirchen 1 - LSV Turm Lippstadt "]
[Site "NRW-Klasse, Gruppe 2 2013/201"]
[Date "2013.11.17"]
[Round "3.2"]
[White "Rieke, Theo"]
[Black "Schroeder, Kevin"]
[Result "1-0"]
[WhiteElo "2036"]
[BlackElo "2134"]
[PlyCount "113"]
[EventDate "2013.??.??"]
[WhiteTeam "SF Neuenkirchen 1"]
[BlackTeam "LSV Turm Lippstadt 1"]

1. e4 c5 2. Nf3 d6 3. d4 cxd4 4. Nxd4 e5 5. Bb5+ Nd7 6. Nf5 a6 7. Bxd7+ Qxd7 8.
Nc3 Nf6 9. Ne3 Qc6 10. O-O Be7 11. Ned5 Nxd5 12. Nxd5 Bd8 13. Qd3 O-O 14. Be3
Be6 15. c4 f5 16. f3 f4 17. Bf2 Rc8 18. Rac1 b6 19. Qa3 a5 20. Kh1 Rf7 21. Qd3
Rb7 22. b3 Bxd5 23. Qxd5+ Qxd5 24. cxd5 Rbb8 25. Rfd1 Kf7 26. Kg1 g5 27. Kf1
Ke8 28. Ke2 Kd7 29. Kd2 Bc7 30. Rc6 Rg8 31. Rdc1 Rb7 32. h3 h5 33. Ke2 Rg7 34.
a3 Rg8 35. Kd3 g4 36. hxg4 hxg4 37. Rh1 gxf3 38. Rh7+ Kc8 39. gxf3 Kb8 40. a4
Rg2 41. Ke2 Rg8 42. Kf1 Rc8 43. Bh4 b5 44. Rd7 bxa4 45. bxa4 Rb1+ 46. Ke2 Rb2+
47. Kd3 Rb3+ 48. Kc4 Rxf3 49. Be7 Rf1 50. Kb5 Rb1+ 51. Ka6 f3 52. Rdxc7 Rxc7
53. Bxd6 Rbb7 54. Bxe5 f2 55. Rf6 Ka8 56. Bxc7 Rb6+ 57. Bxb6 1-0

[Event "SF Neuenkirchen 1 - LSV Turm Lippstadt "]
[Site "NRW-Klasse, Gruppe 2 2013/201"]
[Date "2013.11.17"]
[Round "3.3"]
[White "Wagner, Alexej"]
[Black "Buendgen, Achim"]
[Result "1-0"]
[WhiteElo "2204"]
[BlackElo "2184"]
[PlyCount "113"]
[EventDate "2013.??.??"]
[WhiteTeam "LSV Turm Lippstadt 1"]
[BlackTeam "SF Neuenkirchen 1"]

1. d4 Nf6 2. c4 c5 3. d5 e6 4. Nc3 exd5 5. cxd5 d6 6. e4 g6 7. Nf3 Bg7 8. h3
O-O 9. Bd3 Re8 10. O-O c4 11. Bxc4 Nxe4 12. Nxe4 Rxe4 13. Bg5 Bf6 14. Bxf6 Qxf6
15. Qc2 Re8 16. Rae1 Rf8 17. Re3 Bf5 18. Qe2 h5 19. Nh2 h4 20. Ng4 Bxg4 21.
Qxg4 Na6 22. b3 Nc7 23. a4 Rae8 24. Qd7 Qd8 25. Qxd8 Rxd8 26. Re4 Rfe8 27. Rxh4
Re5 28. Rd1 b5 29. axb5 Rb8 30. Ra1 Rb7 31. Ra5 Re1+ 32. Kh2 Rd1 33. Re4 Kf8
34. Re2 Nxd5 35. Rea2 Nb6 36. Rxa7 Rxa7 37. Rxa7 d5 38. Be2 Re1 39. Bg4 f5 40.
Rb7 Re6 41. Bf3 Rd6 42. h4 d4 43. Rc7 d3 44. Rc6 Ke7 45. Kg1 d2 46. Rxd6 Kxd6
47. Kf1 Kc5 48. Ke2 Kxb5 49. Kxd2 Kb4 50. Ke3 Kxb3 51. Kf4 Kc3 52. Kg5 Kd4 53.
Kxg6 Ke5 54. h5 Nd7 55. h6 Nf8+ 56. Kg7 Ne6+ 57. Kg8 1-0

[Event "SF Neuenkirchen 1 - LSV Turm Lippstadt "]
[Site "NRW-Klasse, Gruppe 2 2013/201"]
[Date "2013.11.17"]
[Round "3.4"]
[White "Wilde, Pierre"]
[Black "Roemhild, Marcus"]
[Result "1-0"]
[WhiteElo "2241"]
[BlackElo "2010"]
[PlyCount "115"]
[EventDate "2013.??.??"]
[WhiteTeam "SF Neuenkirchen 1"]
[BlackTeam "LSV Turm Lippstadt 1"]

1. c4 c5 2. g3 g6 3. Bg2 Bg7 4. Nc3 Nc6 5. Nf3 e6 6. d3 Nge7 7. Bg5 h6 8. Bd2
O-O 9. a3 d5 10. O-O b6 11. Rb1 Rb8 12. b4 cxb4 13. axb4 dxc4 14. dxc4 Bb7 15.
Qc1 Kh7 16. Rd1 Qc8 17. Nb5 Rd8 18. Be1 Nf5 19. g4 Nfd4 20. Nfxd4 Nxd4 21. Nxd4
Bxg2 22. Kxg2 Bxd4 23. Qf4 Qb7+ 24. f3 Bg7 25. Bf2 e5 26. Qe4 Qe7 27. c5 Qe6
28. Rxd8 Rxd8 29. Rc1 bxc5 30. bxc5 f5 31. Qc4 Qc6 32. e4 fxg4 33. fxg4 Rd4 34.
Bxd4 Qxe4+ 35. Kf1 exd4 36. Rc2 Qh1+ 37. Ke2 Qg1 38. Qe6 Qxh2+ 39. Kd3 Qg3+ 40.
Kc4 Qf4 41. c6 Qf1+ 42. Re2 Qc1+ 43. Kd5 Qc3 44. Kd6 d3 45. Re1 d2 46. Rd1 Qd4+
47. Ke7 Qb4+ 48. Ke8 Qb8+ 49. Kd7 Qb4 50. Kc8 Qa5 51. Qd7 Qa6+ 52. Kb8 Qb6+ 53.
Ka8 a5 54. Rxd2 Qa6+ 55. Kb8 Qb6+ 56. Qb7 Qc5 57. c7 Be5 58. Ka8 1-0

[Event "SF Neuenkirchen 1 - LSV Turm Lippstadt "]
[Site "NRW-Klasse, Gruppe 2 2013/201"]
[Date "2013.11.17"]
[Round "3.5"]
[White "Grobbel, Rainer"]
[Black "Haves, Reinhard"]
[Result "1-0"]
[WhiteElo "2089"]
[BlackElo "2151"]
[PlyCount "67"]
[EventDate "2013.??.??"]
[WhiteTeam "LSV Turm Lippstadt 1"]
[BlackTeam "SF Neuenkirchen 1"]

1. d4 g6 2. c4 Bg7 3. Nf3 d6 4. e3 Nf6 5. Nc3 O-O 6. Be2 c5 7. O-O Bf5 8. h3 h6
9. Bd3 Bxd3 10. Qxd3 Nbd7 11. d5 a6 12. e4 b5 13. cxb5 Qb6 14. a4 axb5 15. Nxb5
Rfc8 16. Qc2 c4 17. Be3 Qa5 18. Nfd4 Kf8 19. Nc6 Qa6 20. f4 Nb6 21. Nc3 e6 22.
a5 Nbd7 23. Qa4 exd5 24. Nb4 Qb7 25. a6 Qb8 26. Nbxd5 Nxd5 27. Nxd5 Nc5 28.
Qxc4 Nb3 29. Qd3 Nxa1 30. Nb6 Nc2 31. Nd7+ Ke7 32. Nxb8 Raxb8 33. a7 Ra8 34.
Rd1 1-0

[Event "SF Neuenkirchen 1 - LSV Turm Lippstadt "]
[Site "NRW-Klasse, Gruppe 2 2013/201"]
[Date "2013.11.17"]
[Round "3.6"]
[White "Seegers, Hendrik"]
[Black "Kuckling, Hannah"]
[Result "1/2-1/2"]
[WhiteElo "2159"]
[BlackElo "2054"]
[PlyCount "70"]
[EventDate "2013.??.??"]
[WhiteTeam "SF Neuenkirchen 1"]
[BlackTeam "LSV Turm Lippstadt 1"]

1. d4 Nf6 2. Nf3 g6 3. c4 Bg7 4. Nc3 O-O 5. e3 d6 6. Be2 Nbd7 7. O-O e5 8. dxe5
dxe5 9. b3 c6 10. Ba3 Re8 11. Qc2 Qa5 12. Bd6 Re6 13. b4 Qd8 14. c5 Ne8 15. Bc4
Rxd6 16. cxd6 Nxd6 17. Be2 e4 18. Nd4 Qe7 19. Rfd1 Nf6 20. Rac1 Qe5 21. h3 Qg5
22. Kf1 Qe5 23. f4 exf3 24. Nxf3 Qe7 25. Qd2 Bf8 26. Bd3 Bf5 27. Nd4 Bxd3+ 28.
Qxd3 Nfe4 29. Nde2 Qh4 30. Nxe4 Nxe4 31. Kg1 Qf2+ 32. Kh1 Qf5 33. Kg1 Qf2+ 34.
Kh1 Qf5 35. Kg1 Qf2+ 1/2-1/2

[Event "SF Neuenkirchen 1 - LSV Turm Lippstadt "]
[Site "NRW-Klasse, Gruppe 2 2013/201"]
[Date "2013.11.17"]
[Round "3.7"]
[White "Laurenz, Waldemar"]
[Black "Hachmeister, Dirk"]
[Result "1-0"]
[WhiteElo "1922"]
[BlackElo "2188"]
[PlyCount "69"]
[EventDate "2013.??.??"]
[WhiteTeam "LSV Turm Lippstadt 1"]
[BlackTeam "SF Neuenkirchen 1"]

1. Nf3 b6 2. g3 Bb7 3. Bg2 Nf6 4. O-O e6 5. c4 c5 6. d3 Be7 7. e4 d6 8. Nc3
Nbd7 9. Qe2 a6 10. a4 Qc7 11. h3 O-O 12. Ne1 Rfe8 13. f4 Nf8 14. Nf3 N6d7 15.
Bd2 Rac8 16. Nd1 Bf6 17. Bc3 Bc6 18. Bxf6 Nxf6 19. Nc3 Ng6 20. Nh2 Rb8 21. Nf3
h6 22. d4 cxd4 23. Nxd4 Bb7 24. Kh2 Rbc8 25. b3 Qc5 26. Qd3 Ba8 27. Rad1 d5 28.
exd5 exd5 29. Nxd5 Bxd5 30. cxd5 Nxd5 31. Nf5 Nb4 32. Qd6 Re2 33. Qxc5 Rxc5 34.
Nd4 Rc3 35. Nxe2 1-0

[Event "SF Neuenkirchen 1 - LSV Turm Lippstadt "]
[Site "NRW-Klasse, Gruppe 2 2013/201"]
[Date "2013.11.17"]
[Round "3.8"]
[White "Scho, Christian"]
[Black "Kuehler, Andreas"]
[Result "1-0"]
[WhiteElo "2108"]
[BlackElo "1860"]
[PlyCount "101"]
[EventDate "2013.??.??"]
[WhiteTeam "SF Neuenkirchen 1"]
[BlackTeam "LSV Turm Lippstadt 1"]

1. d4 Nf6 2. Bg5 e6 3. e4 h6 4. Bxf6 Qxf6 5. c3 d5 6. Nd2 c5 7. dxc5 Bxc5 8.
Ngf3 O-O 9. Bd3 Nc6 10. Qe2 a6 11. O-O Qd8 12. Rad1 Bd7 13. Bb1 f5 14. exf5
exf5 15. Nb3 Qe7 16. Rfe1 Qxe2 17. Rxe2 Bb6 18. Rxd5 Rad8 19. Bc2 Bc8 20. Rxd8
Rxd8 21. Nbd2 g5 22. h3 Kg7 23. Nc4 Ba7 24. Rd2 Rxd2 25. Nfxd2 Bc5 26. b4 Be7
27. Ne3 Be6 28. Nxf5+ Bxf5 29. Bxf5 Bf6 30. Ne4 Be5 31. Bc8 Nd8 32. Kf1 a5 33.
Ke2 axb4 34. cxb4 b6 35. Kd3 Nf7 36. a4 Nd6 37. Nxd6 Bxd6 38. a5 bxa5 39. bxa5
Bc5 40. f3 Kf6 41. Ke4 h5 42. Kd5 Be3 43. Bd7 Ke7 44. Kc6 Bf2 45. a6 Be3 46.
Bf5 Kf6 47. Bd3 h4 48. Kb7 Ke5 49. Bg6 Kf4 50. Bh5 Kg3 51. Bg4 1-0

[Event "SVG Plettenberg 1 - SG Solingen 3"]
[Site "NRW-Klasse, Gruppe 2 2013/201"]
[Date "2013.11.17"]
[Round "3.1"]
[White "Kniest, Oliver"]
[Black "Haub, Thorsten Michael"]
[Result "1/2-1/2"]
[WhiteElo "2253"]
[BlackElo "2423"]
[Annotator "Doe,John"]
[PlyCount "124"]
[EventDate "2013.??.??"]
[WhiteTeam "SG Solingen 3"]
[BlackTeam "SVG Plettenberg 1"]

1. d4 g6 2. e4 Bg7 3. Nc3 d6 4. Nf3 a6 5. Bd3 Bg4 6. Be3 Nc6 7. Ne2 Nf6 8. Ng3
e5 9. c3 Bxf3 10. Qxf3 exd4 11. cxd4 Nd7 12. Bc4 O-O 13. Rd1 Qe7 14. O-O Na5
15. Bd3 c5 16. dxc5 dxc5 17. Qe2 Ne5 18. Bb1 Nac4 19. Bc1 Qh4 20. b3 Na5 21.
Rd5 b6 22. h3 Nac6 23. Qe3 Ne7 24. Rd6 N5c6 25. Qg5 Qxg5 26. Bxg5 Rab8 27. Bd3
Rfd8 28. Rxd8+ Rxd8 29. Bxa6 Ra8 30. Bc4 Rxa2 31. Rd1 Ra1 32. Rxa1 Bxa1 33. Nf1
Kg7 34. Ne3 f6 35. Bf4 Be5 36. Bxe5 $11 fxe5 37. Nd5 Nxd5 38. Bxd5 Nd4 39. Kf1
Kf6 40. h4 h6 41. f3 g5 42. hxg5+ hxg5 43. Kf2 g4 44. fxg4 Kg5 45. Kg3 b5 46.
Bg8 Nc2 47. Be6 Na3 48. Kf3 c4 49. bxc4 Nxc4 50. Bxc4 bxc4 51. g3 c3 52. Ke3
Kxg4 53. Kd3 Kxg3 54. Kxc3 Kf3 55. Kd3 Kf4 56. Kd2 Kxe4 57. Ke2 Kd4 58. Kd2 e4
59. Ke2 e3 60. Ke1 Kd3 61. Kd1 e2+ 62. Ke1 Ke3 1/2-1/2

[Event "SVG Plettenberg 1 - SG Solingen 3"]
[Site "NRW-Klasse, Gruppe 2 2013/201"]
[Date "2013.11.17"]
[Round "3.2"]
[White "Klip, Hans"]
[Black "Hobusch, Alexander"]
[Result "1/2-1/2"]
[WhiteElo "2300"]
[BlackElo "2187"]
[PlyCount "71"]
[EventDate "2013.??.??"]
[WhiteTeam "SVG Plettenberg 1"]
[BlackTeam "SG Solingen 3"]

1. e4 e6 2. d4 d5 3. Bd3 c5 4. c3 Nc6 5. Ne2 dxe4 6. Bxe4 Nf6 7. Bf3 Qb6 8. O-O
Bd7 9. Bg5 cxd4 10. cxd4 Be7 11. Nbc3 O-O 12. Qd2 Na5 13. b3 Bc6 14. Qe3 Bxf3
15. Qxf3 Rfd8 16. Rad1 Qc6 17. Qg3 Rd7 18. Rd3 Rad8 19. Rfd1 Qc7 20. Qxc7 Rxc7
21. d5 Nxd5 22. Nb5 Rcd7 23. Bxe7 Rxe7 24. Nxa7 Ra8 25. Nb5 Nc6 26. Nec3 Nxc3
27. Nxc3 Kf8 28. f4 Nb4 29. Rd8+ Re8 30. R8d7 Nxa2 31. Nxa2 Rxa2 32. Rxb7 Rc8
33. h3 Ke8 34. Rdd7 Rcc2 35. Re7+ Kd8 36. Rxf7 1/2-1/2

[Event "SVG Plettenberg 1 - SG Solingen 3"]
[Site "NRW-Klasse, Gruppe 2 2013/201"]
[Date "2013.11.17"]
[Round "3.3"]
[White "Hobusch, Jan"]
[Black "Pieper, Dawid"]
[Result "1-0"]
[WhiteElo "2079"]
[BlackElo "2162"]
[PlyCount "125"]
[EventDate "2013.??.??"]
[WhiteTeam "SG Solingen 3"]
[BlackTeam "SVG Plettenberg 1"]

1. b3 e5 2. Bb2 Nc6 3. e3 Bd6 4. Bb5 Nf6 5. d3 a6 6. Bxc6 dxc6 7. Nd2 O-O 8.
Ngf3 Bg4 9. h3 Bxf3 10. Qxf3 Qe7 11. e4 Nd7 12. O-O Nc5 13. Nc4 Ne6 14. Nxe5
Ng5 15. Qf5 f6 16. Nc4 g6 17. Qg4 b5 18. Nxd6 cxd6 19. f4 Nf7 20. Kh1 Rae8 21.
f5 g5 22. h4 Ne5 23. Bxe5 dxe5 24. hxg5 fxg5 25. f6 Rxf6 26. Qxg5+ Rg6 27. Qxe7
Rxe7 28. Rf5 c5 29. a4 c4 30. axb5 axb5 31. Ra8+ Kg7 32. Rd8 cxb3 33. cxb3 Rc6
34. Rd5 Rc3 35. Rfxe5 Rxe5 36. Rxe5 Rxb3 37. Rd5 Rb1+ 38. Kh2 b4 39. Rb5 Rd1
40. Rxb4 Rxd3 41. g3 Kf6 42. Kh3 Rf3 43. Kg4 Rf1 44. Rb6+ Ke5 45. Rb7 Kxe4 46.
Rxh7 Ke5 47. Rh6 Rf8 48. Kg5 Rg8+ 49. Rg6 Rh8 50. g4 Ra8 51. Rg7 Ke6 52. Kg6
Rh8 53. g5 Rh1 54. Rf7 Rg1 55. Rf2 Ke7 56. Kh6 Rh1+ 57. Kg7 Ra1 58. g6 Ke8 59.
Kh7 Rh1+ 60. Kg8 Ke7 61. Rf7+ Ke8 62. Rh7 Rg1 63. g7 1-0

[Event "SVG Plettenberg 1 - SG Solingen 3"]
[Site "NRW-Klasse, Gruppe 2 2013/201"]
[Date "2013.11.17"]
[Round "3.4"]
[White "Bouaraba, Max"]
[Black "Neumair, Jerome"]
[Result "1-0"]
[WhiteElo "2164"]
[BlackElo "2107"]
[PlyCount "81"]
[EventDate "2013.??.??"]
[WhiteTeam "SVG Plettenberg 1"]
[BlackTeam "SG Solingen 3"]

1. d4 e6 2. Bf4 d5 3. e3 Bd6 4. Qg4 Nf6 5. Qh4 O-O 6. Bd3 Ne4 7. Qxd8 Rxd8 8.
Bxe4 dxe4 9. Bg5 f6 10. Bh4 e5 11. Nc3 exd4 12. exd4 Nc6 13. Nge2 g5 14. Bg3
Bxg3 15. hxg3 Nxd4 16. Nxd4 Rxd4 17. Rd1 Rxd1+ 18. Kxd1 Bf5 19. Re1 Re8 20. Kd2
c6 21. Ke3 Rd8 22. b4 h5 23. a4 Bg6 24. a5 f5 25. a6 b6 26. Rd1 Rxd1 27. Nxd1
Kf7 28. b5 cxb5 29. Nc3 b4 30. Nb5 Ke6 31. Nxa7 Kd7 32. Nb5 Bf7 33. Kd4 Kc6 34.
a7 Kb7 35. Nd6+ Kxa7 36. Nxf7 Ka6 37. Kc4 f4 38. Nxg5 e3 39. fxe3 fxe3 40. Kxb4
e2 41. Nf3 1-0

[Event "SVG Plettenberg 1 - SG Solingen 3"]
[Site "NRW-Klasse, Gruppe 2 2013/201"]
[Date "2013.11.17"]
[Round "3.5"]
[White "Auer, Martin"]
[Black "Jansen, Dirk Norbert"]
[Result "0-1"]
[WhiteElo "2140"]
[BlackElo "2106"]
[PlyCount "104"]
[EventDate "2013.??.??"]
[WhiteTeam "SG Solingen 3"]
[BlackTeam "SVG Plettenberg 1"]

1. e4 d5 2. exd5 Qxd5 3. Nc3 Qd6 4. g3 Nf6 5. Bg2 a6 6. Nf3 Nc6 7. O-O Bg4 8.
h3 Bh5 9. d3 e6 10. Bf4 Bxf3 11. Qxf3 Qd7 12. Rfe1 Rb8 13. g4 Nd4 14. Qd1 h6
15. Ne4 Be7 16. c3 Nd5 17. Bh2 Nc6 18. Qf3 O-O 19. Rad1 Rbd8 20. d4 Na5 21. Bf1
Bd6 22. Nxd6 cxd6 23. Bd3 b5 24. h4 Nc4 25. Re2 a5 26. g5 hxg5 27. hxg5 g6 28.
Kg2 f5 29. gxf6 Rxf6 30. Qg4 Rdf8 31. Kh1 Qh7 32. Kg1 Qf7 33. Bxc4 bxc4 34.
Bxd6 Rd8 35. Be5 Rf5 36. Rde1 Re8 37. Re4 Kh7 38. Qh3+ Rh5 39. Rh4 Rf8 40. Bg3
Re8 41. Rxh5+ gxh5 42. Re5 Kh6 43. Qh4 Rg8 44. Re4 a4 45. a3 Rg6 46. Qh3 Nf4
47. Qh4 Nd3 48. Kh2 Qf5 49. Bf4+ Kh7 50. Bg3 Qf3 51. Qe7+ Rg7 52. Re3 Qxg3+ 0-1

[Event "SVG Plettenberg 1 - SG Solingen 3"]
[Site "NRW-Klasse, Gruppe 2 2013/201"]
[Date "2013.11.17"]
[Round "3.6"]
[White "Kuhnen, Thomas"]
[Black "Blasek, Ralph"]
[Result "1-0"]
[WhiteElo "2054"]
[BlackElo "2138"]
[PlyCount "129"]
[EventDate "2013.??.??"]
[WhiteTeam "SVG Plettenberg 1"]
[BlackTeam "SG Solingen 3"]

1. e4 c5 2. Nc3 Nc6 3. f4 e6 4. Nf3 a6 5. g3 b5 6. Bg2 b4 7. Na4 Nf6 8. e5 Nd5
9. b3 d6 10. exd6 Bxd6 11. O-O O-O 12. Ng5 Ra7 13. c4 Nde7 14. Bb2 Nd4 15. Bxd4
cxd4 16. Qh5 h6 17. Ne4 Bb8 18. Nb2 Bd7 19. Nd3 a5 20. Nec5 Bd6 21. Nxd7 Qxd7
22. g4 a4 23. f5 exf5 24. gxf5 Ra5 25. Be4 g6 26. Qxh6 Nxf5 27. Qh3 Re8 28.
Bxf5 Rxf5 29. Rxf5 gxf5 30. Rf1 Re6 31. Qxf5 axb3 32. axb3 Qb7 33. Qf3 Qc7 34.
Rf2 Rg6+ 35. Kh1 Qe7 36. Rg2 Kg7 37. Rxg6+ fxg6 38. h3 Qg5 39. Qb7+ Kh6 40. Qg2
Qf5 41. Nf2 Qb1+ 42. Qg1 Qxb3 43. d3 Qc2 44. Ng4+ Kh7 45. Qxd4 Qd1+ 46. Kg2
Qe2+ 47. Nf2 Be5 48. Qh4+ Kg8 49. Qd8+ Kf7 50. Qd5+ Kf8 51. Qf3+ Qxf3+ 52. Kxf3
Ke7 53. Ne4 Ke6 54. Nc5+ Kf5 55. Nb3 Bf4 56. d4 g5 57. c5 Bh2 58. Ke3 Bb8 59.
Na5 Bc7 60. Nc4 Bh2 61. Kd3 Bg1 62. Nd2 Bf2 63. Kc4 Ke6 64. d5+ Ke5 65. d6 1-0

[Event "SVG Plettenberg 1 - SG Solingen 3"]
[Site "NRW-Klasse, Gruppe 2 2013/201"]
[Date "2013.11.17"]
[Round "3.7"]
[White "Zolfagharian, Kevin"]
[Black "Schulze, Marc"]
[Result "1/2-1/2"]
[WhiteElo "2061"]
[BlackElo "2057"]
[PlyCount "34"]
[EventDate "2013.??.??"]
[WhiteTeam "SG Solingen 3"]
[BlackTeam "SVG Plettenberg 1"]

1. e4 c5 2. Nf3 g6 3. Bc4 Bg7 4. O-O Nc6 5. c3 e6 6. Re1 Nge7 7. d4 cxd4 8.
cxd4 d5 9. exd5 exd5 10. Bb3 O-O 11. Nc3 Bg4 12. Bg5 h6 13. Bxe7 Nxe7 14. h3
Bxf3 15. Qxf3 Bxd4 16. Nxd5 Nxd5 17. Bxd5 Qf6 1/2-1/2

[Event "SVG Plettenberg 1 - SG Solingen 3"]
[Site "NRW-Klasse, Gruppe 2 2013/201"]
[Date "2013.11.17"]
[Round "3.8"]
[White "Fischer, Torsten"]
[Black "Peschel, Andreas"]
[Result "0-1"]
[WhiteElo "1957"]
[BlackElo "2053"]
[PlyCount "160"]
[EventDate "2013.??.??"]
[WhiteTeam "SVG Plettenberg 1"]
[BlackTeam "SG Solingen 3"]

1. e4 g6 2. d4 Bg7 3. Nf3 c6 4. Nc3 d5 5. Be2 dxe4 6. Nxe4 Bg4 7. c3 Nd7 8. Qb3
Qb6 9. Bc4 Qxb3 10. Bxb3 Bxf3 11. gxf3 Ngf6 12. Be3 O-O 13. O-O-O a5 14. Rhe1
a4 15. Bc2 a3 16. bxa3 Rxa3 17. Kb2 Ra5 18. Bb3 Rh5 19. Bf4 Nd5 20. Bxd5 Rxd5
21. Nd2 Nb6 22. Rxe7 Rb5+ 23. Kc2 Nd5 24. c4 Nxe7 25. cxb5 cxb5 26. Ne4 Rc8+
27. Kb3 Nd5 28. Bd2 Rc4 29. Nd6 Rxd4 30. Nxb5 Rd3+ 31. Kc4 Nf4 32. a4 h5 33. a5
h4 34. Kc5 Ne6+ 35. Kb6 Rd7 36. h3 Bf8 37. Nc3 Bc5+ 38. Kb5 Bxf2 39. Bc1 Nd4+
40. Kc4 Rc7+ 41. Kd3 Nb3 42. Rf1 Bg3 43. Bb2 Nxa5 44. Ne4 Nc4 45. Bf6 Ne5+ 46.
Ke3 Nd7 47. Be7 f5 48. Ng5 Be5 49. Rd1 Bg7 50. Bb4 Bh6 51. f4 Bxg5 52. fxg5 Kf7
53. Rd6 Ne5 54. Rf6+ Kg7 55. Bf8+ Kh7 56. Bd6 Nc4+ 57. Kd4 Nxd6 58. Rxd6 Rf7
59. Ke3 f4+ 60. Kf3 b5 61. Rb6 Rf5 62. Rb7+ Kg8 63. Rb6 Kf7 64. Rb7+ Ke8 65.
Rb6 Rxg5 66. Kxf4 Rc5 67. Rxg6 Kd7 68. Ke4 Kc7 69. Kd4 Rc6 70. Rg7+ Kb6 71. Kd5
Rc3 72. Rh7 Rxh3 73. Rh6+ Ka5 74. Kc5 Rc3+ 75. Kd4 Kb4 76. Rh5 Rc8 77. Kd3 h3
78. Kd2 Rc3 79. Rh4+ Kb3 80. Kd1 b4 0-1

[Event "SV Letmathe 1 - SVG Plettenberg 1"]
[Site "NRW-Klasse, Gruppe 2 2013/201"]
[Date "2013.12.08"]
[Round "4.1"]
[White "Szabo, Gergely-Andras-Gyul"]
[Black "Podzielny, Karl-Heinz"]
[Result "1/2-1/2"]
[WhiteElo "2538"]
[BlackElo "2377"]
[PlyCount "41"]
[EventDate "2013.??.??"]
[WhiteTeam "SVG Plettenberg 1"]
[BlackTeam "SV Letmathe 1"]

1. e4 c5 2. Nf3 e6 3. c3 d5 4. exd5 exd5 5. d4 Nc6 6. Be3 cxd4 7. Nxd4 Bd6 8.
Nd2 Nf6 9. Be2 O-O 10. O-O Re8 11. Re1 Bc7 12. Nf1 a6 13. Qb3 Qd6 14. g3 Ne4
15. Rad1 Na5 16. Qc2 Qf6 17. Nd2 Bh3 18. Bf3 Qg6 19. Bg2 Bxg2 20. Kxg2 h5 21.
Nxe4 1/2-1/2

[Event "SV Letmathe 1 - SVG Plettenberg 1"]
[Site "NRW-Klasse, Gruppe 2 2013/201"]
[Date "2013.12.08"]
[Round "4.2"]
[White "Adamski, Jan"]
[Black "Haub, Thorsten Michael"]
[Result "1/2-1/2"]
[WhiteElo "2281"]
[BlackElo "2423"]
[Annotator "Doe,John"]
[PlyCount "69"]
[EventDate "2013.??.??"]
[WhiteTeam "SV Letmathe 1"]
[BlackTeam "SVG Plettenberg 1"]

1. Nf3 g6 2. c4 Bg7 3. d4 f5 4. g3 Nf6 5. Bg2 O-O 6. b3 c6 7. O-O Na6 8. Nc3 d6
9. Bb2 Qe8 10. d5 Bd7 11. Nd4 Nc7 12. b4 cxd5 13. cxd5 Ng4 14. e3 g5 15. Qe2
$11 Qh5 16. h3 Nf6 17. Qxh5 Nxh5 18. Rad1 a5 19. a3 Na6 20. Na2 axb4 21. axb4
Nc5 22. Nc3 Na4 23. Nxa4 Rxa4 24. Bc3 Rc8 25. Rc1 Kf7 26. Bf3 Nf6 27. Ne6 Bh6
28. Bxf6 Kxf6 29. Rxc8 Bxc8 30. Nd8 f4 31. exf4 gxf4 32. Bg4 Bxg4 33. hxg4 Ra8
34. Ne6 Rg8 35. Kg2 1/2-1/2

[Event "SV Letmathe 1 - SVG Plettenberg 1"]
[Site "NRW-Klasse, Gruppe 2 2013/201"]
[Date "2013.12.08"]
[Round "4.3"]
[White "Pieper, Dawid"]
[Black "Webb, Laurence"]
[Result "1/2-1/2"]
[WhiteElo "2162"]
[BlackElo "2262"]
[PlyCount "33"]
[EventDate "2013.??.??"]
[WhiteTeam "SVG Plettenberg 1"]
[BlackTeam "SV Letmathe 1"]

1. e4 e6 2. d4 d5 3. e5 c5 4. c3 Nc6 5. Nf3 Qb6 6. Be2 Nh6 7. Bxh6 gxh6 8. Qd2
Bd7 9. O-O Bg7 10. Na3 O-O 11. Nc2 f6 12. exf6 Rxf6 13. b4 cxd4 14. cxd4 a6 15.
a4 Raf8 16. b5 Na5 17. Ne5 1/2-1/2

[Event "SV Letmathe 1 - SVG Plettenberg 1"]
[Site "NRW-Klasse, Gruppe 2 2013/201"]
[Date "2013.12.08"]
[Round "4.4"]
[White "Oswald, Hans-Joachim"]
[Black "Bouaraba, Max"]
[Result "0-1"]
[WhiteElo "2190"]
[BlackElo "2164"]
[PlyCount "134"]
[EventDate "2013.??.??"]
[WhiteTeam "SV Letmathe 1"]
[BlackTeam "SVG Plettenberg 1"]

1. Nf3 d5 2. d4 Nf6 3. Bg5 Ne4 4. Bf4 e6 5. e3 g5 6. Be5 f6 7. Bg3 h5 8. h3
Nxg3 9. fxg3 Bd6 10. Kf2 Nd7 11. Bd3 f5 12. g4 Nf6 13. gxf5 exf5 14. Nxg5 Ne4+
15. Bxe4 fxe4 16. h4 Bg4 17. Qe1 O-O+ 18. Kg1 c6 19. Nc3 Qc7 20. Ne2 Rf6 21.
Nh3 Raf8 22. Nhf4 Bxf4 23. Nxf4 Rxf4 24. exf4 Qxf4 25. g3 Qh6 26. a4 e3 27. Rh2
Qe6 28. Re2 Re8 29. Ra3 Bxe2 30. Qxe2 Qe4 31. Rd3 Kg7 32. Kh2 Kg6 33. Kg1 Re6
34. a5 b6 35. axb6 axb6 36. b4 Kg7 37. Kh2 Kh6 38. Kg1 Kg6 39. Kh2 Qg4 40.
Qxg4+ hxg4 41. Rd1 Rf6 42. Re1 Rf2+ 43. Kg1 Rf3 44. Kg2 Rf2+ 45. Kg1 Rxc2 46.
Rxe3 Rc4 47. b5 cxb5 48. Re6+ Kf7 49. Rxb6 b4 50. h5 Kg7 51. Kf2 Rxd4 52. Ke3
Re4+ 53. Kd3 Rc4 54. Rb5 Rc3+ 55. Kd4 Rxg3 56. Kxd5 Kh6 57. Ke4 Rf3 58. Rxb4
Kxh5 59. Rb1 Kh4 60. Rh1+ Kg3 61. Rg1+ Kh3 62. Rh1+ Kg2 63. Rh8 g3 64. Ra8 Rf7
65. Ke3 Kg1 66. Ke2 g2 67. Ke3 Rh7 0-1

[Event "SV Letmathe 1 - SVG Plettenberg 1"]
[Site "NRW-Klasse, Gruppe 2 2013/201"]
[Date "2013.12.08"]
[Round "4.5"]
[White "Kuhnen, Thomas"]
[Black "Gruermann, Martin"]
[Result "1-0"]
[WhiteElo "2054"]
[BlackElo "2110"]
[PlyCount "101"]
[EventDate "2013.??.??"]
[WhiteTeam "SVG Plettenberg 1"]
[BlackTeam "SV Letmathe 1"]

1. e4 Nf6 2. e5 Nd5 3. Nf3 d6 4. d4 Bg4 5. exd6 exd6 6. Be2 Be7 7. O-O O-O 8.
c4 Nb6 9. Qd3 Nc6 10. Be3 Qd7 11. a3 Bf6 12. Nbd2 d5 13. c5 Nc8 14. b4 a6 15.
Nb3 N8e7 16. Rad1 Rfe8 17. h3 Bf5 18. Qd2 h6 19. Nh2 Bg6 20. Ng4 Qe6 21. Bf3
Rad8 22. Bf4 Rc8 23. Rfe1 Qf5 24. Bxh6 Qc2 25. Nxf6+ gxf6 26. Na5 Qxd2 27. Rxd2
Nf5 28. Rxe8+ Rxe8 29. Nxc6 Re1+ 30. Kh2 Nxh6 31. Nd8 Be4 32. Bxe4 Rxe4 33.
Nxb7 Nf5 34. Na5 Rxd4 35. Nb3 Rxd2 36. Nxd2 Kf8 37. Nb3 Ke8 38. g4 Nh4 39. Kg3
Ng6 40. f4 Nf8 41. h4 Kd7 42. h5 Ne6 43. h6 Nf8 44. Nd4 c6 45. g5 Nh7 46. Kg4
Kc7 47. Kf5 fxg5 48. fxg5 Nf8 49. Kf6 Nh7+ 50. Kxf7 Nxg5+ 51. Kg6 1-0

[Event "SV Letmathe 1 - SVG Plettenberg 1"]
[Site "NRW-Klasse, Gruppe 2 2013/201"]
[Date "2013.12.08"]
[Round "4.6"]
[White "Haude, Ruediger"]
[Black "Schulze, Marc"]
[Result "0-1"]
[WhiteElo "2030"]
[BlackElo "2057"]
[Annotator "Doe,John"]
[PlyCount "108"]
[EventDate "2013.??.??"]
[WhiteTeam "SV Letmathe 1"]
[BlackTeam "SVG Plettenberg 1"]

1. d4 Nf6 2. Nf3 e6 3. g3 c5 4. Bg2 cxd4 5. O-O Nc6 6. Nxd4 d5 7. Nc3 Bb4 8.
Na4 Bd7 9. a3 Bd6 10. Nb5 Be7 11. Nac3 $11 a6 12. Nd4 Nxd4 13. Qxd4 Rc8 14. e4
Bc5 15. Qe5 d4 16. Nd5 O-O 17. Nxf6+ Qxf6 18. Qxf6 gxf6 19. Bh6 Rfd8 20. e5
fxe5 21. Bxb7 Rb8 22. Bxa6 Rxb2 23. Bd3 f5 24. Bc1 Rbb8 25. Bg5 Rdc8 26. a4 Bb4
27. Bf6 e4 28. Ba6 Rxc2 29. Bxd4 Bc5 30. Bxc5 Rxc5 31. Rfd1 Bc6 32. Bb5 Bxb5
33. axb5 Rcxb5 34. Ra7 R5b7 35. Rd7 Rxa7 36. Rxa7 Rf8 37. Re7 Rf6 38. Kf1 h5
39. Ke2 h4 40. Ke3 hxg3 41. hxg3 Kf8 42. Ra7 Rf7 43. Ra8+ Kg7 44. Re8 Kf6 45.
Kf4 Rc7 46. Ke3 Rc3+ 47. Ke2 Ke5 48. Rf8 e3 49. fxe3 Ke4 50. Re8 e5 51. Kf2
Rc2+ 52. Kg1 Re2 53. Ra8 Kf3 54. Rf8 Kxg3 0-1

[Event "SV Letmathe 1 - SVG Plettenberg 1"]
[Site "NRW-Klasse, Gruppe 2 2013/201"]
[Date "2013.12.08"]
[Round "4.7"]
[White "Warmbier, Joerg"]
[Black "Hunold, Rolf"]
[Result "0-1"]
[WhiteElo "1940"]
[BlackElo "1950"]
[PlyCount "66"]
[EventDate "2013.??.??"]
[WhiteTeam "SVG Plettenberg 1"]
[BlackTeam "SV Letmathe 1"]

1. e4 c5 2. Nf3 e6 3. Nc3 a6 4. d4 cxd4 5. Nxd4 Qc7 6. g3 Nf6 7. Bg2 d6 8. O-O
Be7 9. Be3 Nbd7 10. f4 h5 11. h3 Nb6 12. Bf2 Nc4 13. b3 Na5 14. Na4 Bd7 15. Nb6
Rd8 16. Nxd7 Rxd7 17. c4 Nc6 18. Nxc6 bxc6 19. Qe2 e5 20. c5 a5 21. Rac1 O-O
22. cxd6 Bxd6 23. f5 Rfd8 24. g4 hxg4 25. hxg4 Bb4 26. Be3 Bd2 27. Rc2 Bxe3+
28. Qxe3 Nxg4 29. Qc5 Rd2 30. Rxd2 Rxd2 31. a4 Qd8 32. f6 gxf6 33. Bh3 Qd3 0-1